Mortgage lending pushed higher (Record no. 117865)
[ view plain ]
| 000 -LEADER | |
|---|---|
| fixed length control field | 01188cam a2200229 4500 |
| 001 - CONTROL NUMBER | |
| control field | WB@3612-418 |
| 008 - FIXED-LENGTH DATA ELEMENTS--GENERAL INFORMATION | |
| fixed length control field | 040819n2004 000 0 eng u |
| 035 ## - SYSTEM CONTROL NUMBER | |
| System control number | (Sirsi) u127104 |
| 245 ## - TITLE STATEMENT | |
| Title | Mortgage lending pushed higher |
| 260 ## - PUBLICATION, DISTRIBUTION, ETC. | |
| Date of publication, distribution, etc. | 2004 |
| 490 ## - SERIES STATEMENT | |
| Series statement | Council of Mortgage Lenders Press Release |
| Volume/sequential designation | 19 August 2004 (2) |
| 520 ## - SUMMARY, ETC. | |
| Summary, etc. | Mortgage lending was pushed higher in July 2004 according to figures released today by the Council of Mortgage Lenders. "The survey of mortgage lenders" shows that gross lending was 3% than last month and 13% higher than in July 2003, at a new record of £29.2bn. There were 131 000 loans for house purchase in July and re-mortgaging totalled £11.3bn. The level of first-time buyers stayed fairly consistent and accounted for 28% of loans for house purchase, compared to 27% last month. Further details are available. http://www.cml.org.uk/servlet/dycon/zt-cml/cml/liv e/en/cml/press_releases_2004_0819 |
| 590 ## - LOCAL NOTE (RLIN) | |
| Local note | WB |
| 590 ## - LOCAL NOTE (RLIN) | |
| Local note | WB |
| 650 ## - SUBJECT ADDED ENTRY--TOPICAL TERM | |
| Topical term or geographic name entry element | MORTGAGE LENDING |
| 650 ## - SUBJECT ADDED ENTRY--TOPICAL TERM | |
| Topical term or geographic name entry element | STATISTICS |
| 650 ## - SUBJECT ADDED ENTRY--TOPICAL TERM | |
| Topical term or geographic name entry element | MORTGAGE MARKET |
| 650 ## - SUBJECT ADDED ENTRY--TOPICAL TERM | |
| Topical term or geographic name entry element | REMORTGAGING |
| 650 ## - SUBJECT ADDED ENTRY--TOPICAL TERM | |
| Topical term or geographic name entry element | CML SURVEY OF MORTGAGE LENDERS |
| 690 ## - LOCAL SUBJECT ADDED ENTRY--TOPICAL TERM (OCLC, RLIN) | |
| Topical term or geographic name as entry element | HOUSING-FINANCE |
| 942 ## - ADDED ENTRY ELEMENTS (KOHA) | |
| Suppress in OPAC | 0 |
| Withdrawn status | Lost status | Source of classification or shelving scheme | Damaged status | Not for loan | Home library | Current library | Shelving location | Date acquired | Total Checkouts | Full call number | Barcode | Date last seen | Copy number | Price effective from | Koha item type |
|---|---|---|---|---|---|---|---|---|---|---|---|---|---|---|---|
| Dewey Decimal Classification | London | London | News article | 19/08/2004 | WB4032-07 | 127104-1001 | 06/08/2019 | 1 | 06/08/2019 | News article |